000 00747nam a2200241Ia 4500
003 OSt
005 20220923223530.0
006 a|||||r|||| 00| 0
007 ta
008 Pun
024 _a218,689
037 _cTextual
040 _aARTS
_cARTS
_bPun
041 _2Pun
_aPun
082 _aO153:g(R39N), N8
100 _aਨੂਰ, ਸੁਤਿੰਦਰ ਸਿੰਘ
245 0 _aਉਤਰ ਆਧੁਨਿਕ ਕਲਾ ਅਤੇ ਸਾਹਿੱਤ
260 _aਦਿੱਲੀ
_b ਪੰਜਾਬੀ ਅਕਾਦਮੀ
_c1998
300 _a100ਪੰ
_ccm.
650 _aਪੰਜਾਬੀ ਸਾਹਿਤ
942 _hO153:g(R39N), N8
_cTEXL
_2CC
999 _c366036
_d366036